| 000 | 00000nam 2200000zi 4500 |
| 001 | 9.899433 |
| 003 | CaOODSP |
| 005 | 20221129084746 |
| 006 | m o d f |
| 007 | cr cn||||||||| |
| 008 | 210504t20212021qucab ob f000 0 iku d |
| 020 | |a9780660387208 |
| 020 | |z9780660387185|q(incorrect) |
| 040 | |aCaOODSP|beng|erda|cCaOODSP |
| 043 | |an-cn-nu |
| 086 | 1 |aCW66-756/2021Iku-PDF|zCW66-756/2021E-PDF |
| 245 | 00|a[Ikkattuaq Migratory Bird Sanctuary management plan 2020]. |
| 264 | 1|aGatineau QC : |bEnvironment and Climate Change Canada = Environnement et changement climatique Canada, |c[2021] |
| 264 | 4|c©2021 |
| 300 | |a1 online resource (viii pages, 6 unnumbered pages, 62 pages) : |bcolour illustrations, colour maps |
| 336 | |atext|btxt|2rdacontent |
| 337 | |acomputer|bc|2rdamedia |
| 338 | |aonline resource|bcr|2rdacarrier |
| 500 | |aIssued also in English under title: Ikkattuaq Migratory Bird Sanctuary management plan 2020; and in French under title: Plan de gestion du Refuge d'oiseaux migrateurs Ikkattuaq 2020. |
| 500 | |aEnglish title provided by publisher. |
| 500 | |a"EC8348." |
| 504 | |aIncludes bibliographical references (pages 59-61). |
| 546 | |aText in Inuktitut. |
| 650 | 0|aBird refuges|zNunavut|xManagement. |
| 650 | 0|aNational parks and reserves|zNunavut|xManagement. |
| 650 | 0|aMigratory birds|xConservation|zNunavut. |
| 650 | 0|aMigratory birds|xHabitat|xConservation|zNunavut. |
| 710 | 1 |aCanada. |bEnvironment and Climate Change Canada, |eissuing body. |
| 792 | |t[Plan de gestion du Refuge d'oiseaux migrateurs Ikkattuaq 2020].|efre|w(CaOODSP)9.899434 |
| 856 | 40|qPDF|s1.20 MB|uhttps://publications.gc.ca/collections/collection_2021/eccc/cw66/CW66-756-2021-iku.pdf |